000 01130nam a22002537a 4500
005 20170518020002.0
008 111012s2011 ck abdo r 000 0 spa d
020 _a9789589996508
041 0 _aspa
044 _ack
082 0 4 _a333.72
_bP51r
100 1 _aPeñuela-Recio, Lourdes
_9832
245 1 4 _aLas reservas naturales del Nodo Orinoquía en su rol de conservación de la biodiversidad
_cLourdes Peñuela Recio, Francisco Castro Lima y Natalia Ocampo-Peñuela
250 _a1a ed.
260 _aBogotá
_bFundación Horizonte Verde
_bAsociación Colombiana de Reservas naturales de la Sociedad Civil
_c2011.
300 _a104 p.
_bilustraciones, fotos a color, mapas y tablas
_c28 cm.
504 _aIncluye referencias bibliográficas (p. 103).
650 1 4 _aConservación de los recursos naturales
_zRegión de la Orinoquía (Colombia)
_9833
650 2 4 _aConservación de suelos
_zRegión de la Orinoquía (Colombia)
_9834
650 2 4 _aConservación biológica
_zRegión de la Orinoquía (Colombia)
_9835
700 1 _aCastro-Lima, Francisco
_9836
700 1 _aOcampo-Peñuela, Natalia
_9837
942 _2ddc
_cIMPRESO
_03
999 _c7430
_d7430